| 000 | 00540nam a2200181Ia 4500 | ||
|---|---|---|---|
| 008 | 240925s9999 xx 000 0 und d | ||
| 020 | _a136681204 | ||
| 082 | _a004.16 ANT | ||
| 100 | _aAntonakos, James L. | ||
| 245 | 4 | _aThe 68000 Microprocessor: hardware and software principles and applications | |
| 250 | _a4th | ||
| 260 |
_aLondon: _bPrentice, Hall _c,1998. |
||
| 300 |
_axix,585p. _bNA _fOriginal |
||
| 500 | _aIncludes Index | ||
| 600 | _aComputer Science | ||
| 650 | _aComputer science, information & general works | ||
| 942 | _cBK | ||
| 999 |
_c4890 _d4890 |
||